000 01535nam a2200397 i 4500
001 64221
003 FINmELB
005 20241217142415.0
006 m o u
007 cr cn|||||||||
008 210408s2006 sp a ob 000 0 spa d
020 _z9788496477124
035 _a(OCoLC)1246315186
040 _aFINmELB
_bspa
_erda
_cFINmELB
050 1 4 _aQA184.2
_bG373 2006
080 _a512.64(075.8)
082 0 4 _a512.5
_223
100 1 _aGarcía Cabello, Julia,
_eautor.
245 1 0 _aÁlgebra lineal :
_bsus aplicaciones en economía, ingenierías y otras ciencias /
_cJulia García Cabello.
264 1 _aLas Rozas (Madrid) :
_bDelta,
_c2006.
300 _a1 recurso en línea (XII, 457 páginas) :
_bilustraciones, gráficos
336 _atexto
_btxt
_2rdamedia/spa
337 _acomputadora
_bc
_2rdamedia/spa
338 _arecurso en línea
_bcr
_2rdacarrier/spa
504 _aBibliografía: páginas 453-454. Índice.
588 _aDescripción basada en metadatos suministrados por el editor y otras fuentes.
590 _aRecurso electrónico. Santa Fe, Arg.: elibro, 2021. Disponible vía World Wide Web. El acceso puede estar limitado para las bibliotecas afiliadas a elibro.
650 4 _aÁlgebra lineal.
650 0 _aAlgebras, Linear.
655 4 _aLibros electrónicos.
797 2 _aelibro, Corp.
856 4 0 _uhttps://elibro.net/ereader/politecnicointernacional/167022
999 _c64221
_d64221